| 000 | 00533nam a2200205Ia 4500 | ||
|---|---|---|---|
| 005 | 20221103102924.0 | ||
| 008 | 131103s9999 xx 000 0 und d | ||
| 020 |
_a9.79E+12 _cRs.150.00 |
||
| 040 | _aLoreto College | ||
| 041 | _aEnglish | ||
| 082 |
_a131 _bSIN |
||
| 100 | _aSingh, Mohinderpal | ||
| 245 |
_aCan you stop the gushing stream? _cMohinderpal Singh |
||
| 260 |
_aNew Delhi _bThird Eye _c2010 |
||
| 300 | _axi, 123p. | ||
| 650 | _aSelf improvement | ||
| 651 | _aSelf inspiration | ||
| 850 | _aLCLIB | ||
| 942 | _cBK | ||
| 999 |
_c38032 _d88511 |
||